| 000 | 00343 a2200145 4500 | ||
|---|---|---|---|
| 001 | 85549 | ||
| 020 | _a9780132128193 | ||
| 082 | _a620.3 RAO | ||
| 090 |
_c40156 _d40155 |
||
| 100 | _aSingiresu S Rao | ||
| 245 |
_aMechanical Vibrations 5/Ed _cSingiresu S Rao |
||
| 250 | _a5th | ||
| 260 |
_aNY _bPrentice Hall _c2011 |
||
| 300 | _axxvi 912p | ||
| 942 |
_aNUST-CAE _k620.3 RAO |
||
| 999 |
_c320622 _d320622 |
||